Catálogo de la Biblioteca Horacio González - Universidad Nacional de General Sarmiento

O magistério primário numa sociedade de classes : (Registro nro. 1287)

Detalles MARC
000 -CABECERA
campo de control de longitud fija 00498nam a22001690a 4500
001 - NÚMERO DE CONTROL
campo de control PT33192
003 - IDENTIFICADOR DEL NÚMERO DE CONTROL
campo de control AR-LpoUNG
005 - FECHA Y HORA DE LA ÚLTIMA TRANSACCIÓN
campo de control 20210131230059.0
008 - DATOS DE LONGITUD FIJA--INFORMACIÓN GENERAL
campo de control de longitud fija 191001suuuu||||ag |||||||||||||||||spa d
040 ## - FUENTE DE LA CATALOGACIÓN
Centro catalogador/agencia de origen AR-LpoUNG
Lengua de catalogación spa
Centro/agencia transcriptor AR-LpoUNG
Normas de descripción aacr
082 0# - NÚMERO DE LA CLASIFICACIÓN DECIMAL DEWEY
Número de clasificación 372.01 436mag
100 1# - ENTRADA PRINCIPAL--NOMBRE DE PERSONA
Nombre de persona Pereira, Luiz Carlos Bresser
245 10 - MENCIÓN DE TÍTULO
Título O magistério primário numa sociedade de classes :
Resto del título estudo de uma ocupação em São Paulo
260 ## - PUBLICACIÓN, DISTRIBUCIÓN, ETC.
Lugar de publicación, distribución, etc. s.l.
Nombre del editor, distribuidor, etc. Livraria Pioneira,
Fecha de publicación, distribución, etc. s.f.
905 ## - ELEMENTOS DE DATOS E LOCAL, LDE (RLIN)
a 33192
942 ## - ELEMENTOS DE PUNTO DE ACCESO ADICIONAL (KOHA)
Tipo de ítem Koha Libro
Existencias
Estado de retiro Estado de pérdida Estado dañado No para préstamo Código de colección Localización permanente Ubicación/localización actual Fecha de adquisición Total de préstamos Signatura topográfica completa Código de barras Fecha visto por última vez Precio válido a partir de Tipo de ítem Koha
        Colección General Biblioteca Universidad Nacional de General Sarmiento Biblioteca Universidad Nacional de General Sarmiento 31/01/2021   372.01 436mag 00035719 31/01/2021 31/01/2021 Libro